| 000 | 00332nam a22001337a 4500 | ||
|---|---|---|---|
| 082 |
_a954.91 _bMOH _cL-27, P-3 |
||
| 100 |
_aMohammad Ahmed _946179 |
||
| 245 | _aMy Chief | ||
| 260 |
_aLahore _bMahmud Printing Press |
||
| 300 | _axv, 111 P, : | ||
| 526 |
_a0 _b0 _c0 _d954_910000000000000_MOH |
||
| 650 |
_aMCE _9379 |
||
| 942 |
_2ddc _cBK |
||
| 999 |
_c549777 _d549777 |
||